Perchance to dream

Bibliographic Details
Main Author: KORBELL, Kathleen
Format: Book
Published: New York : Severn House Publishers , 1991

MARC

LEADER 00000cam a2200000 7i4500
001 0000000774
002 000000874
005 20000330.0
020 |a 0727841777 
090 0 0 |a F   |b KOR 
100 1 |a KORBELL, Kathleen 
245 1 0 |a Perchance to dream   |c Kathleen Korbell 
260 |a New York :   |b Severn House Publishers ,   |c 1991 
300 |a 253 p. ;   |c 22 cm. 
999 |a 030750   |b BUKU   |c FICTION   |e PERPUSTAKAAN KOMUNITI PETALING JAYA